Aktuelle Tendenzen in der Sprachforschung

Enregistré dans:
Détails bibliographiques
Autres auteurs: Zavrl, Irena, Ondrčková, Eva
Format: Livre
Langue:allemand
Publié: Eisenstadt E. Weber Verlag 2015
Sujets:
Tags: Ajouter un tag
Pas de tags, Soyez le premier à ajouter un tag!

MARC

LEADER 00000nam a2200000 4500
001 0204635
005 20221207094625.3
020 |a 978-385253-523-4 
041 0 |a ger 
044 |a AT 
245 1 0 |a Aktuelle Tendenzen in der Sprachforschung  |c Radoslav Štefančík et al., rezensentinnen: Irena Zavrl, Eva Ondrčková 
264 1 |a Eisenstadt  |b E. Weber Verlag  |c 2015 
300 |a 176 s. 
610 2 0 |a jazykoveda 
610 2 0 |a jazyky cudzie 
610 2 0 |a nemčina 
610 2 0 |a didaktika 
700 1 |a Zavrl, Irena 
700 1 |a Ondrčková, Eva